Responses for show #7115 - Friday, July 17, 2015

Contestants

Julia Lawrence, an English teacher originally from Rye, New York

Lawrence Dernulc, a business manager originally from Salisbury, Maryland

Jennifer Morrow, an editorial assistant from New York, New York (whose 1-day cash winnings total $19,200)

Jeopardy! Round responses

THE SPORTING LIFE
HISTORICAL NICKNAMES
ACIDS
"C" + 3
(Alex: Each correct response begins with the letter "C" and has a total of four letters in it.)
WHAT'S YOUR SIGN?
FOR SALE
    $200 25
Alexander the Great

Jennifer
    $200 10
the pit

Jennifer
    $200 4
coax

Jennifer
    $200 1
Aries

Lawrence
    $400 2
(Alex: That's it, Chin-lung Hu.)

"Hu's on first?"

Julia
    $400 3
Cleopatra

Jennifer
    $400 9
hydrochloric acid

Julia
    $400 19
Cancer

Julia
    $600 7
a bump

Julia
    $600 17
(Gustave) Eiffel

Julia
    $600 8
Coca-Cola

Lawrence
    $600 23
cusp

Jennifer
    $600 14
Pisces

Julia
    $600 20
(Alex: ...with a minute to go, Julia.)

ruby

Triple Stumper
    $800 5
Edwin Moses

Lawrence
    $800 11
Roger Williams

Lawrence
    $800 12
tannic acid

Julia
    $800 24
cask

Julia
    $800 15
Libra

Julia
    $800 21
a jet ski

Lawrence
    $1000 6
(Alex: And that ritual, now common, is [*]--sweaty jerseys.)

the exchange of jerseys

Triple Stumper
    $1000 18
(Walter) Raleigh

Jennifer
    $1000 13
(Lawrence: What is citric acid?)
(Julia: What is acetic acid?)

ascorbic acid

LawrenceJulia
Triple Stumper
    $1000 26
[The end-of-round signal sounds.]

Clio

Triple Stumper
    $1,600 16
(Julia: Ooh. Um... what is Leo?)

Taurus (the bull)

Julia
    $1000 22
a refrigerator

Triple Stumper

Scores at the first commercial break (after clue 15):

Jennifer Lawrence Julia
$800 $1,400 $2,600

Scores at the end of the Jeopardy! Round:

Jennifer Lawrence Julia
$2,600 $2,200 $2,800

Double Jeopardy! Round responses

(Alex: Now if you change just one letter in a classic novel title, you will come up with...)
PUNNY CLASSIC LITERATURE TITLES
JULY
"L"AKES
INTERNATIONAL FILM DIRECTORS
THE BISHOP
IT'S A PALINDROME
    $400 26
The Mall of the Wild

Jennifer
    $400 20
Joan of Arc

Lawrence
    $400 13
Luna

Jennifer
    $400 14
Kurosawa

Jennifer
    $400 15
an ace

Lawrence
    $400 11
deed

Lawrence
    $800 25
(Alex: With less than a minute to go, you are right.)

Vanity Hair

Julia
    $800 18
(Lawrence: Uh, what are [*]s?)
[Accepted without comment]

dollar

Lawrence
    $800 4
Lure

Julia
    $800 9
(Alejandro) Iñárritu

Lawrence
    $800 10
mulled

Julia
    $800 5
kook

Jennifer
    $1200 22
A Loom with a View

Jennifer
    $1200 12
the All-Star Game

Julia
    $1200 1
Lake Lucerne

Lawrence
    $1200 8
(Lawrence: [Looks down, taps his signaling device rapidly on his lectern] ...No...)
(Alex: Oh, not a good time to draw a blank.)

(Sergio) Leone

JenniferLawrence
    $1200 19
the color of the square it's on

Triple Stumper
    $1200 21
Nin

Jennifer
    $1600 23
A Grave New World

Lawrence
    $4,000 16
(Alex: And we're still looking for him, yes.)

Jimmy Hoffa

Lawrence
    $3,400 2
Loch Lomond

Lawrence
    $1600 7
(Ingmar) Bergman

Jennifer
    $1600 24
the Anglican Church

Julia
    $1600 29
my gym

Julia
    $2000 27
(Julia: What is The Hound and the Fury?)

The Pound and the Fury

Julia
Triple Stumper
    $2000 17
(Hideki) Tojo

Lawrence
    $2000 3
Lanier

Triple Stumper
    $2000 6
Fellini

Jennifer
    $2000 30
a monologue

Triple Stumper
    $2000 28
repaper

Jennifer

Scores at the end of the Double Jeopardy! Round:

Jennifer Lawrence Julia
$13,800 $16,000 $7,600

[wagering suggestions for these scores]

Final Jeopardy! Round responses

19th CENTURY AMERICANS
(Alex: [To Jennifer] [*], the suffragette who eventually brought about the change in our Constitution.)
...
(Alex: Practice your moves over the weekend.)
(Jennifer: Will do.)
JuliaWho is Lizzy Borden
$7,201
JenniferWho is Anthony?
$4,000
LawrenceWho is Scopes
$11,601
Susan B. Anthony

Final scores:

Jennifer Lawrence Julia
$17,800 $4,399 $399
2-day champion: $37,000 2nd place: $2,000 3rd place: $1,000

Game dynamics:

Coryat scores:

Jennifer Lawrence Julia
$13,800 $11,800 $9,200
16 R,
0 W
15 R
(including 2 DDs),
2 W
15 R,
3 W
(including 1 DD)

Combined Coryat: $34,800

The J! Archive is created by fans, for fans. The Jeopardy! game show and all elements thereof, including but not limited to copyright and trademark thereto, are the property of Jeopardy Productions, Inc. and are protected under law. This website is not affiliated with, sponsored by, or operated by Jeopardy Productions, Inc. Join the discussion at JBoard.tv.